| 000 | 00938nam2a22002531 4500 | ||
|---|---|---|---|
| 001 | RU\NLR\A1SV\36797 | ||
| 005 | 20251203152403.2 | ||
| 035 | _a(NLR Aleph) 009719266 | ||
| 090 |
_a13479675 _c13479675 |
||
| 100 | _a20011008d1926 u y0rusy50 ca | ||
| 101 | 0 | _arus | |
| 200 | 1 |
_aВторая книга для чтения в деревенской школе _fК.Н.Соколов, М.А.Елисеева, Н.С.Смирнов _gПод ред. К.Н.Соколова |
|
| 215 |
_a272 с. _cил. |
||
| 461 | 1 |
_1001RU\NLR\A1SV\36795 _12000#$v[2] _99866925 _cМ. _d1926 _nГос. изд. _tДень за днем _v[2] |
|
| 702 | 1 |
_aСоколов _bК. Н. _f1886- _gКонстантин Николаевич _4070 |
|
| 702 | 1 |
_aЕлисеева _bМ. А. _4070 |
|
| 702 | 1 |
_aСмирнов _bН. С. _4070 |
|
| 801 | 0 |
_aRU _bNLR _c20011008 |
|
| 852 |
_aNLR _j21/466 |
||
| 899 | _aНПБ | ||
| 942 | _cBOOK | ||
| 980 | _aA1SV | ||
| 980 | _aNB | ||